000
00275nam a22001217a 4500
999
_c
14008
_d
14008
020
_a
969000672
082
_a
515
100
_a
Dr. M. N. M. Talpur
245
_a
Calculus and Analytic Geometry
260
_a
Lahore
_b
Feroz Sons pvt.
_c
1982
300
_a
490 pages
942
_c
BK